تحميل...
Sudevante thirakkadhakal/
| المؤلف الرئيسي: | |
|---|---|
| التنسيق: | Printed Book |
| منشور في: |
Kozhikode:
Mathrubhumi Books,
2014.
|
| الموضوعات: |
| LEADER | 00520nam a22001577a 4500 | ||
|---|---|---|---|
| 020 | |a 9788182662650 | ||
| 082 | |a M 791.437 |b SUD/S | ||
| 100 | |a Sudevan |9 15598 | ||
| 245 | |a Sudevante thirakkadhakal/ |c by Sudevan. | ||
| 260 | |a Kozhikode: |b Mathrubhumi Books, |c 2014. | ||
| 300 | |a 184p. | ||
| 650 | |a Screen Plays |9 15599 | ||
| 650 | |a Arts |9 15600 | ||
| 942 | |c BK | ||
| 999 | |c 64961 |d 64961 | ||
| 952 | |0 0 |1 0 |4 0 |6 M_791_437000000000000_SUD_S |7 0 |9 86586 |a SSUS |b SSUS |c STACKS |d 2017-05-05 |g 140.00 |o M 791.437 SUD/S |p 084210 |r 2017-05-05 |w 2017-05-05 |y BK | ||